000 00806nam a2200265Ia 4500
003 OSt
005 20220930083044.0
006 a|||||r|||| 00| 0
007 ta
008 220926b |||||||| |||| 00| 0 pan d
024 _a72634
037 _cTheses
040 _aCRL
_cCRL
_bpan
041 _2pan
_apan
100 _aAmarbir Kaur
_9533565
110 _aUniversity of Delhi. Faculty of Arts. Department of Punjabi
_9519628
245 0 _aJaswant Singh Kanwal de novelan da alochnatmak aadian
260 _c1989
300 _a208p.
_ap.
_ccm.
650 _aPUNJABI LITERATURE
700 _a Dr. Kuljit Shallie Gu.
_9533566
700 _aUniversity of Delhi. Faculty of Arts. Department of Punjabi
_9519631
942 _cDIS
_2CC
999 _c874535
_d874535